Wisdom : (Record no. 105800)

MARC details
000 -LEADER
fixed length control field 00592nam a22001937a 4500
005 - DATE AND TIME OF LATEST TRANSACTION
control field 20170112123452.0
010 ## - LCCN (DPL NO)
LC control number ENG-117042
020 ## - INTERNATIONAL STANDARD BOOK NUMBER
International Standard Book Number 9789386050281
Terms of availability 399.00
035 ## - SYSTEM CONTROL NUMBER
System control number EN-100574
037 ## - SOURCE OF ACQUISITION
Source of stock number/acquisition DBAD/PUB
082 ## - DEWEY DECIMAL CLASSIFICATION NUMBER
Classification number 909
100 ## - MAIN ENTRY--PERSONAL NAME
Personal name Curnow,Trevor
245 ## - TITLE STATEMENT
Title Wisdom :
Remainder of title a world history /
Statement of responsibility, etc by Trevor cunow
260 ## - PUBLICATION, DISTRIBUTION, ETC. (IMPRINT)
Place of publication, distribution, etc New Delhi
Name of publisher, distributor, etc Speaking Tiger
Date of publication, distribution, etc 2016
270 ## - ADDRESS
Address 4381/4 Ansari Road,Daryaganj
City New Delhi
Postal code 110002
300 ## - PHYSICAL DESCRIPTION
Extent 239p.:
Other physical details ill
Dimensions 22cm(pbk)
500 ## - GENERAL NOTE
General note Includes references,bibliographical references and index
942 ## - ADDED ENTRY ELEMENTS (KOHA)
Source of classification or shelving scheme Dewey Decimal Classification
Item type English Books
Classification part 909
Call number suffix CUR
Holdings
Withdrawn status Lost status Not for loan Collection code Home library Current library Date acquired Source of acquisition Cost, normal purchase price Full call number Barcode Copy number Cost, replacement price Koha item type
      Non-fiction Shahdara Branch Shahdara Branch 09/01/2017 DBAD/PUB 399.00 909CUR EN-100574 1 399.00 English Books
      Non-fiction Shahdara Branch Shahdara Branch 10/05/2023   399.00 909 CUR EN-120344 1   English Books

© Delhi Public Library
Hit Counter
free hit counter